Govt. of
Madhya Pradesh

Time A Traveler's Guide (Record no. 32728)

MARC details
000 -LEADER
fixed length control field 004820000a22001810004500
003 - CONTROL NUMBER IDENTIFIER
control field MACL
005 - DATE AND TIME OF LATEST TRANSACTION
control field 20160124115341.0
008 - FIXED-LENGTH DATA ELEMENTS--GENERAL INFORMATION
fixed length control field 160124b xxu||||| |||| 00| 0 eng d
040 ## - CATALOGING SOURCE
Original cataloging agency MACL
Transcribing agency MACL
041 ## - LANGUAGE CODE
Language code of text/sound track or separate title English
082 ## - DEWEY DECIMAL CLASSIFICATION NUMBER
Classification number 681.118/PIC
100 ## - MAIN ENTRY--PERSONAL NAME
Personal name Pickover, Clifford A
9 (RLIN) 34404
245 ## - TITLE STATEMENT
Title Time A Traveler's Guide
260 ## - PUBLICATION, DISTRIBUTION, ETC. (IMPRINT)
Name of publisher, distributor, etc. Oxford University Press
Date of publication, distribution, etc. 1998
Place of publication, distribution, etc. America
350 ## - PRICE (NR) (BK AM CF MU VM SE) [OBSOLETE]
Price 1278
650 ## - SUBJECT ADDED ENTRY--TOPICAL TERM
Topical term or geographic name as entry element Manufacture for Specific use
9 (RLIN) 21550
942 ## - ADDED ENTRY ELEMENTS (KOHA)
Koha item type Books
Call number prefix 681.118/PIC
Source of classification or shelving scheme
Holdings
Withdrawn status Lost status Source of classification or shelving scheme Damaged status Not for loan Home library Current library Date acquired Cost, normal purchase price Total Checkouts Full call number Barcode Date last seen Uniform Resource Identifier Price effective from Koha item type
          MACL MACL 24/01/2016 1278.00   681.118/PIC CLC003237 29/04/2015 32784 15/04/2015 Books